00423nam a2200121Ia 4500008004100000100002200041245014000063245002200203260000900225300001000234650001300244856004400257170221s9999 xx 000 0 und d aMark E. Pickering aPartnership Versus Public Ownership of Accounting Firms: Exploring Relative Performance, Performance Measurement and Measurement Issues cMark E. Pickering c2016 a5 : 6 xBusiness uhttp://ro.uow.edu.au/aabfj/vol6/iss3/5/